000 01000nam a22002537a 4500
001 41948
003 UA-OsUOA
005 20210514093139.0
007 ta
008 20081112b un ||||| |||| 00| 0 ukr d
040 _aUA-OsUOA
_bukr
_cUA-OsUOA
_dUA-OsUOA
041 _aukr
080 _a09-94(477).152 (К)
090 _a09-94(477).152 (К)
_bС79
100 _aСтечишин М.
245 _aСоюз Українців Самостійників в Канаді і об'єднання українського народу
_bвідчит виголошений на народніх зїздах в Саскатуні і Едмонтоні в послідних днях грудня 1932
260 _aВінніпег
_c1933
300 _a37 с.
650 7 _a0 Загальний відділ.
_2UDC
942 _cBR
_2udc
955 _a4
999 _c440453
_d440453